000 00715nam a22002417a 4500
005 20170124110209.0
010 _a918895
020 _c00.00
035 _a918895
037 _bCen Lib/Ret
040 _aDPL
_bEN
082 _a340.1
_bCHA
100 _aChaturvedi, A. N
_972488
245 _aLaw of pleadings, conveyancing, drafting and professional ethics /
_cby A. N. Chaturvedi
250 _a2nd ed
260 _aAllahabad
_bAllahabad Law Agengy
270 _a9, University Road
_bAllahabad
300 _axiii,280p.
_c23cm(Hb)
500 _aIncludes bibliographical references
650 _aLaw
_9104
650 _aLaw--Social aspects
_972489
942 _2ddc
_cEN
_h340.1
_mCHA
999 _c133421
_d133421